A sztrájkjog hazai szabályozása különös tekintettel a közalkalmazotti és köztisztviselői munkavállalókra

Elmentve itt :
Bibliográfiai részletek
Szerző: Kollár István
További közreműködők: Bródi János (Témavezető)
Dokumentumtípus: Szakdolgozat
Megjelent: 2000
Tárgyszavak:
Online Access:http://diploma.bibl.u-szeged.hu/25909
LEADER 00626nta a2200157 i 4500
001 dipl25909
005 20130314083748.0
008 111025s2000 hu om 0|| zxx d
040 |a SZTE Diploma Repozitórium  |b hun 
041 |a zxx 
100 1 |a Kollár István 
245 1 2 |a A sztrájkjog hazai szabályozása különös tekintettel a közalkalmazotti és köztisztviselői munkavállalókra  |h [elektronikus dokumentum] /  |c István Kollár 
260 |c 2000 
650 4 |a Jogi és igazgatási tanulmányok 
700 1 |a Bródi János  |e ths 
856 4 0 |u http://diploma.bibl.u-szeged.hu/id/eprint/25909/1/2000_kollar_istvan.pdf  |z Dokumentum-elérés